Negocios de familia /

Obra en que se abordan las particularidades de la administración de empresas familiares, con especial énfasis en la planeación del proceso de sucesión, así como la importancia de establecer consejos de administración que orienten al gerente sobres las decisiones que ha de tomar, y de consejos de fam...

Popoln opis

Shranjeno v:
Bibliografske podrobnosti
Glavni avtor: Balli Morales, Basilio (autor)
Drugi avtorji: Bravo Peláez, Oscar (autor) (autor), Vivas, Braulio (autor) (autor)
Format: Avdio
Jezik:španščina
Izdano: Colombia : Audio Libros : Yoyo Libros, 2003, c2003
Serija:(Audio Libros Desarrollo Gerencial)
Teme:
Oznake: Označite
Brez oznak, prvi označite!

MARC

LEADER 00000nim^a2200000^a^4500
001 000174051
005 20250521000000.0
009 20260310101515.303
020 |a 958-43-0224-8 
037 |a Acervo ITESO - Biblioteca 
041 |a SON 
041 |a ESP 
082 |a 658. 041  |b BAL 
100 |a Balli Morales, Basilio  |e (autor) 
245 1 0 |a Negocios de familia /  |c B. Balli Morales, O. Bravo Peláez, B. Vivas. 
264 4 |a Colombia :  |b Audio Libros :  |b Yoyo Libros,  |c 2003, c2003 
300 |a 1 disco compacto sonoro (sin dato de duración) (CD disponible) 
300 |a 1 audiolibro 
336 |a palabra hablada  |b spw  |2 rdacontenido 
337 |a audio  |b s  |2 rdamedio 
338 |a disco sonoro  |b sd  |2 rdasoporte 
440 1 |a (Audio Libros Desarrollo Gerencial) 
520 |a Obra en que se abordan las particularidades de la administración de empresas familiares, con especial énfasis en la planeación del proceso de sucesión, así como la importancia de establecer consejos de administración que orienten al gerente sobres las decisiones que ha de tomar, y de consejos de familia, para mediar las decisiones que afectan la marcha de los negocios y las relaciones familiares. 
649 |a XX 
650 |a Empresa Familiar -  |x Administración 
650 |a Empresas -  |x Administración 
650 |a Gerentes y Jefes 
650 |a Filosofía Empresarial 
650 |a Cultura Organizacional 
650 |a Desarrollo Organizacional 
650 |a Toma de Decisiones 
650 |a Liderazgo 
650 |a Poder (Ciencias Sociales) 
650 |a Relaciones Familiares 
650 |a Sucesión en los Negocios 
650 |a Administración Financiera 
650 |a Proceso Administrativo 
650 |a Administración 
650 |a Ciencias Administrativas 
700 |a Bravo Peláez, Oscar  |e (autor) 
700 |a Vivas, Braulio  |e (autor) 
910 |a Fondo General 
920 |a Sonoros - CDs 
905 |a 403 
901 |a 0500241931  |b IT2  |c CDS  |u 20250521 
902 |a https://opac.biblio.iteso.mx/vufind/Record/000174051